Statistics for Add a Letter - F

Click here to take the quiz!

General Stats

  • This quiz has been taken 192 times
  • The average score is 10 of 10

Answer Stats

Add "F"Answer% Correct
AirFair
100%
AnFan
100%
AtFat
100%
ArmFarm
99%
ItFit
99%
OreFore
99%
RankFrank
99%
IIf
99%
TurTurf
99%
LooLoof
97%

Score Distribution

Percentile by Number Answered

Percent of People with Each Score

Your Score History

You have not taken this quiz